[Event "Oberliga Wuert9495"]
[Site "Wuerttemberg"]
[Date "1995.??.??"]
[Round "?"]
[White "Wilde, Pierre"]
[Black "Jurek, Josef"]
[Result "1/2-1/2"]
[WhiteElo "2295"]
[BlackElo "2280"]

1.d4 Nf6 2.c4 e6 3.g3 d5 4.Bg2 Be7 5.Nf3 O-O 6.O-O c6 7.Qc2 Nbd7 8.b3 b5
9.c5 Ne4 10.Ne1 f5 11.Nd3 a5 12.Bb2 Bf6 13.f3 Ng5 14.Nd2 b4 15.e4 Ba6 16.e5 Bxd3
17.Qxd3 Be7 18.a3 Qc7 19.f4 Nf7 20.axb4 axb4 21.Ra6 g5 22.Rfa1 Rxa6 23.Qxa6 gxf4
24.gxf4 Nxc5 25.dxc5 Bxc5+ 26.Kh1 Be3 27.Nf3 Bxf4 28.Nd4 Qxe5 29.Qxc6 Nd8
30.Qc5 Qf6 31.Qxb4 Be5 32.Rd1 Qh4 33.h3 Qf4 34.Kg1 Qe3+ 35.Kh1 Qf4 36.Kg1 Qe3+
37.Kh1 Qg3 38.Kg1 Qe3+ 39.Kh1  1/2-1/2

[Event "Zaragoza op-B"]
[Site "Zaragoza"]
[Date "1995.??.??"]
[Round "3"]
[White "Ferrer Serrano, Roberto"]
[Black "Sanchez Herrera, Miguel"]
[Result "1/2-1/2"]
[WhiteElo "2150"]
[BlackElo "2290"]

1.d4 d5 2.Nf3 Nf6 3.c4 e6 4.g3 Be7 5.Bg2 O-O 6.O-O b6 7.Qc2 Bb7 8.cxd5 exd5
9.Ne5 c5 10.dxc5 bxc5 11.Nc3 Qb6 12.Bg5 Rd8 13.Rfd1 Na6 14.Ng4 Nb4 15.Qc1 Nxg4
16.Bxe7 Rd7 17.Na4 Qb5 18.Qxc5 Qxe2 19.Re1 Qc2 20.Bf3 Nxf2 21.Qxf2 Qxa4 22.Qd4 a5
23.a3 Qb3 24.Bd1 Qd3 25.Qf2 Nc6 26.Bc5 d4 27.Bc2 Qc4 28.Qf5  1/2-1/2

[Event "Zlin-B"]
[Site "Zlin"]
[Date "1995.??.??"]
[Round "?"]
[White "Vasilchenko, Oleg"]
[Black "Cech, Pavel"]
[Result "0-1"]
[WhiteElo "2430"]
[BlackElo "2360"]

1.d4 e6 2.Nf3 Nf6 3.c4 d5 4.g3 Be7 5.Bg2 O-O 6.O-O dxc4 7.Na3 Bxa3 8.bxa3 b5
9.Bg5 Bb7 10.Qc2 Bxf3 11.Bxf3 c6 12.a4 a6 13.Rfd1 h6 14.Bd2 Ra7 15.Bb4 Re8
16.Bc5 Rd7 17.axb5 cxb5 18.a4 e5 19.axb5 axb5 20.dxe5 Rxe5 21.Rxd7 Qxd7 22.Rd1 Rxc5
23.Rxd7 Nbxd7 24.Qc3 b4 25.Qxb4 c3 26.Qa3 c2 27.Qc1 Rc3 28.e3 Nc5 29.Bd1 Nb3
30.Qxc2 Rxc2 31.Bxc2 Nd2 32.Kg2 Nd5 33.Ba4 Kf8 34.Bc6 Nb4 35.Bb5 Ke7 36.f3 Kd6
37.Kf2 Kc5 38.Be8 f6 39.Ke2 Nc4 40.h4 Nd5 41.e4 Nc7 42.Bf7 Nd6 43.Bg8 Kd4
44.h5 Ncb5 45.Kf2 Nc3 46.Be6 Kd3 47.Bg8 Kd2 48.Bb3 Ndb5 49.Bf7 Nd1+ 50.Kg2 Ke3
51.Bg6 Nf2  0-1

[Event "Zlin-B"]
[Site "Zlin"]
[Date "1995.??.??"]
[Round "?"]
[White "Vasilchenko, Oleg"]
[Black "Michenka, Jozef"]
[Result "1-0"]
[WhiteElo "2430"]
[BlackElo "2375"]

1.d4 Nf6 2.Nf3 d5 3.c4 e6 4.g3 Be7 5.Bg2 O-O 6.O-O dxc4 7.Na3 Bxa3 8.bxa3 Nc6
9.Bb2 Nd5 10.Qc2 Nb6 11.e3 Bd7 12.Nd2 Qg5 13.Nxc4 Qb5 14.Nd2 Rfc8 15.Rab1 Qa4
16.Qc5 Rab8 17.Rfc1 Qa5 18.Nb3 Qxc5 19.Nxc5 Be8 20.Bc3 Nd8 21.Bd2 Nd5 22.e4 Ne7
23.d5 b6 24.Na6 Rb7 25.Bf4 c5 26.Bc7 exd5 27.exd5 Nxd5 28.Bxd5 Rbxc7 29.Nxc7 Rxc7
30.Rd1 Kf8 31.Rd2 Nc6 32.Bxc6 Bxc6 33.Rb3 g6 34.f3 Bd7 35.Kf2 Be6 36.Rc3 h5
37.a4 Ke7 38.Rb2 c4 39.a5 bxa5 40.Ke3 Kf6 41.Rb5 a4 42.Ra5 Re7 43.h4 Bf5+
44.Kf4 Bd3 45.Rxa4 Rc7 46.Ra5 Kg7 47.Ke5 Re7+ 48.Kd4 Re2 49.Rxa7 Rg2 50.a4 Rxg3
51.Ke3 g5 52.Kf2 gxh4 53.Rc1 Rh3 54.Rg1+ Kf6 55.Ra1 Rh2+ 56.Kg1 Rd2 57.Rc7 h3
58.a5 Kg5 59.a6 Kh4 60.Rxf7 Kg3 61.Rg7+ Kxf3 62.a7 h2+ 63.Kh1 Be4 64.a8=Q Bxa8
65.Rxa8 Ke4 66.Rc8 Rc2 67.Rd7 Ke3 68.Re8+ Kf3  1-0

[Event "Zuerich op"]
[Site "Zuerich"]
[Date "1995.??.??"]
[Round "7"]
[White "Cvitan, Ognjen"]
[Black "Kelecevic, Nedeljko"]
[Result "1-0"]
[WhiteElo "2510"]
[BlackElo "2435"]

1.d4 Nf6 2.Nf3 e6 3.g3 d5 4.Bg2 Be7 5.c4 O-O 6.O-O c6 7.Qc2 Nbd7 8.b3 b6
9.Rd1 Bb7 10.Nc3 Rc8 11.e4 b5 12.e5 Ne8 13.c5 a5 14.Re1 Nc7 15.Ne2 Re8 16.Nf4 Ra8
17.a3 Nf8 18.h4 Bc8 19.Bd2 Bd7 20.Re3 Qc8 21.Rae1 Qb8 22.Nd3 Qd8 23.Bf1 Kh8
24.Qd1 Kg8 25.Nf4 Ra7 26.Bd3 Ra8 27.Bb1 Ra7 28.Kg2 Ra8 29.Rh1 Ra7 30.Nh3 f5
31.exf6 gxf6 32.Nf4 e5 33.dxe5 Bxc5 34.Nh5 fxe5 35.Rxe5 Rxe5 36.Nxe5 Ne8
37.Re1 Be7 38.Qf3 Nf6 39.Bg5 Nxh5 40.Qf7+ Kh8 41.Bxe7 Nxg3 42.Kxg3  1-0

[Event "Ashkhabad"]
[Site "Ashkhabad"]
[Date "1996.??.??"]
[Round "6"]
[White "Simonenko, Sergei"]
[Black "Annageldiev, Orazly"]
[Result "0-1"]
[WhiteElo "2415"]
[BlackElo "2485"]

1.d4 Nf6 2.Nf3 e6 3.c4 d5 4.g3 Be7 5.Bg2 O-O 6.O-O c6 7.Qc2 Nbd7 8.b3 a5
9.Nc3 Nb6 10.c5 Nbd7 11.Bf4 Nh5 12.Na4 Nxf4 13.gxf4 Qc7 14.e3 b5 15.cxb6 Nxb6
16.Nxb6 Qxb6 17.Rfc1 Ba3 18.Qxc6 Qb8 19.Rc2 Ra7 20.Qa4 Qd6 21.Bf1 f6 22.Rd1 Qe7
23.Bb5 Kh8 24.Rd3 e5 25.dxe5 Bh3 26.Rc6 Bb4 27.a3 Qf7 28.axb4 Qh5 29.Ne1 Qg4+
30.Kh1 Qe2  0-1

[Event "POL-chT"]
[Site "Augustow"]
[Date "1996.??.??"]
[Round "?"]
[White "Mazalon, Mariusz"]
[Black "Korpalski, Robert"]
[Result "1-0"]
[WhiteElo "2225"]
[BlackElo "2160"]

1.d4 d5 2.Nf3 Nf6 3.c4 e6 4.g3 Be7 5.Bg2 O-O 6.O-O c6 7.Qc2 Nbd7 8.b3 b6
9.Nc3 Ba6 10.Rd1 Rc8 11.Bb2 Qc7 12.Nd2 c5 13.dxc5 Bxc5 14.e3 Ne5 15.cxd5 exd5
16.Nxd5 Nxd5 17.Bxd5 Rfd8 18.Nc4 Bxc4 19.bxc4 Bf8 20.Qf5 Qe7 21.Rac1 Nxc4
22.Bxc4 Rxd1+ 23.Rxd1 Rxc4 24.Rd7 Qe6 25.Qxe6 fxe6 26.Rxa7 h6 27.Kg2 Kh7
28.h4 Kg6 29.Bd4 Rc6 30.Kf3 h5 31.Rb7 Rc2 32.Rxb6 Rxa2 33.Rxe6+ Kf7 34.Rb6 Ra8
35.Rb7+ Kg6 36.Rb6+ Kf7 37.Kf4 Rd8 38.Be5 Rd5 39.Bd4 Be7 40.Rb7 g6 41.Ke4 Rf5
42.Be5 Ke6 43.Rb6+ Kf7 44.f4 Bc5 45.Rb5 Ba3 46.Kd5 Kg8 47.Rb6 Kh7 48.Rb7+ Kh6
49.e4  1-0

[Event "AUT-chT2S 9697"]
[Site "Austria"]
[Date "1996.??.??"]
[Round "6"]
[White "Kiss, Attila"]
[Black "Perhinig, Robert"]
[Result "1-0"]
[WhiteElo "2435"]
[BlackElo "2185"]

1.d4 d5 2.c4 e6 3.Nf3 Nf6 4.g3 Be7 5.Bg2 O-O 6.O-O b6 7.Nc3 Bb7 8.Ne5 Ne4
9.cxd5 Nxc3 10.bxc3 Bxd5 11.e4 Bb7 12.Qg4 Kh8 13.Be3 Nd7 14.Nxd7 Qxd7 15.d5 f5
16.Qh5 exd5 17.exd5 Bf6 18.Rac1 g6 19.Qh6 c6 20.c4 cxd5 21.cxd5 Rfc8 22.h4 Qd6
23.h5 Bg7 24.Qf4 Be5 25.Bd4  1-0

[Event "AUT-chT9596"]
[Site "?"]
[Date "1996.??.??"]
[Round "?"]
[White "Stajcic, Nikola"]
[Black "Brestian, Egon"]
[Result "0-1"]
[WhiteElo "2325"]
[BlackElo "2450"]

1.d4 d5 2.c4 e6 3.Nf3 Nf6 4.g3 Be7 5.Bg2 O-O 6.O-O b6 7.Nc3 Bb7 8.Ne5 c6
9.e4 Bb4 10.exd5 cxd5 11.Qa4 Bxc3 12.bxc3 Qc8 13.Ba3 Re8 14.Rfe1 Nbd7 15.cxd5 Nxe5
16.dxe5 Nxd5 17.c4 Bc6 18.Qb3 Ne7 19.Bxe7 Rxe7 20.Bxc6 Qxc6 21.a4 Rc8 22.a5 bxa5
23.Rxa5 Qxc4 24.Qa3 Qc3 25.Qxc3 Rxc3 26.Rd1 h5 27.Rda1 Rcc7 28.Kg2 Red7 29.R1a4 Kh7
30.h3 Kg6 31.g4 hxg4 32.hxg4 Rb7 33.Kg3 Rdc7 34.f3 Kh7 35.Kf4 Kg8 36.Ke4 Kf8
37.f4 g6 38.f5 gxf5+ 39.gxf5 exf5+ 40.Kxf5 Ke7 41.Ra6 Kd8 42.R4a5 Kc8 43.e6 Kb8
44.Re5 fxe6+ 45.Raxe6 Rb1 46.Re1 Rf7+ 47.Kg6 Rxe1 48.Kxf7 Rf1+ 49.Ke7 Kc7
50.Re2 Rc1 51.Ke6 Rc5 52.Ra2 a5 53.Ra1 Kc6 54.Ra2 Kb5 55.Kd6 Rh5 56.Rb2+ Kc4
57.Rc2+ Kb3 58.Rc8 a4 59.Rb8+ Kc4 60.Rc8+ Kb4 61.Rg8 Rh4 62.Rb8+ Kc4 63.Ke5 a3
64.Ra8 Kb3 65.Rg8 a2 66.Rg3+ Ka4  0-1

[Event "AUT-chT9596"]
[Site "?"]
[Date "1996.??.??"]
[Round "?"]
[White "Volkmann, Friedrich"]
[Black "Donev, Ivo Hristov"]
[Result "1/2-1/2"]
[WhiteElo "2355"]
[BlackElo "2375"]

1.d4 d5 2.c4 e6 3.Nf3 Be7 4.g3 Nf6 5.Bg2 O-O 6.Qc2 a6 7.Nbd2 dxc4 8.Nxc4 Bd7
9.Nfe5 Bc6 10.Nxc6 Nxc6 11.e3 Nb4 12.Qd2 c5 13.dxc5 Nd3+ 14.Ke2 Nxc5 15.Qxd8 Raxd8
16.Bd2 Nce4 17.Ba5 Rd5 18.Rhc1 Rh5 19.h4 Rc8 20.b3 Rhc5 21.Bb6 R5c6 22.a4 h5
23.a5  1/2-1/2

[Event "AUT-ch"]
[Site "AUT"]
[Date "1996.??.??"]
[Round "7"]
[White "Ebner, Hubert"]
[Black "Salamon, Werner"]
[Result "1/2-1/2"]
[WhiteElo "2265"]
[BlackElo "2245"]

1.Nf3 d5 2.c4 e6 3.g3 Nf6 4.Bg2 Be7 5.d4 O-O 6.O-O c5 7.cxd5 exd5 8.Nc3 Nc6
9.b3 Bg4 10.Bb2 Rc8 11.dxc5 Bxc5 12.Rc1 Be7 13.h3 Be6 14.Na4 Ne4 15.Nd2 Qa5
16.Nxe4 dxe4 17.Qc2 f5 18.Qb1  1/2-1/2

[Event "AZE-ch"]
[Site "Baku"]
[Date "1996.??.??"]
[Round "?"]
[White "Maherramzade, Javad"]
[Black "Bagirov, Rufat"]
[Result "1/2-1/2"]
[WhiteElo "2405"]
[BlackElo "2305"]

1.d4 d5 2.Nf3 Nf6 3.c4 e6 4.g3 Be7 5.Bg2 O-O 6.O-O dxc4 7.Nc3 Nc6 8.e3 Bd6
9.Qa4 e5 10.d5 Nb4 11.Nxe5 a6 12.f4 Nbxd5 13.Nxd5 Bxe5  1/2-1/2

[Event "AZE-ch"]
[Site "Baku"]
[Date "1996.??.??"]
[Round "?"]
[White "Maherramzade, Javad"]
[Black "Shur, Mikhail"]
[Result "1/2-1/2"]
[WhiteElo "2405"]
[BlackElo "2365"]

1.d4 d5 2.Nf3 Nf6 3.c4 e6 4.g3 Be7 5.Bg2 O-O 6.O-O dxc4 7.Nc3 c5 8.dxc5 Qc7
9.Qa4 Qxc5 10.Nd2 Bd7 11.Qxc4 Bc6 12.Qxc5 Bxc5 13.Nb3 Bb4 14.Be3 Bxg2 15.Kxg2 Nc6
16.Bc5 Rfd8 17.Bxb4 Nxb4 18.Rfd1 Kf8 19.a3 Nc6  1/2-1/2

[Event "Barbera op"]
[Site "Barbera"]
[Date "1996.??.??"]
[Round "3"]
[White "Vera, Reynaldo"]
[Black "Ruiz Diez, Julio Cesar"]
[Result "1-0"]
[WhiteElo "2505"]
[BlackElo "2215"]

1.d4 Nf6 2.Nf3 d5 3.c4 e6 4.g3 Be7 5.Bg2 O-O 6.O-O c6 7.Nc3 Nbd7 8.b3 b6
9.Bb2 Bb7 10.Rc1 Rc8 11.Qd3 c5 12.cxd5 exd5 13.Rfd1 Qc7 14.e3 Rfd8 15.Qb1 Nf8
16.dxc5 bxc5 17.Na4 Ne6 18.Bxf6 Bxf6 19.Nxc5 Nxc5 20.b4 Be7 21.bxc5 Ba6 22.c6 Bc4
23.Nd4 Bf6 24.e4 Qb6 25.Qxb6 axb6 26.exd5 Bxd5 27.c7 Rd7 28.Nb5  1-0

[Event "Regionalliga SO9697"]
[Site "Bayern"]
[Date "1996.??.??"]
[Round "?"]
[White "Schnabel, Hans"]
[Black "Wirth, Wolfgang"]
[Result "1/2-1/2"]
[WhiteElo "1935"]
[BlackElo "1955"]

1.d4 Nf6 2.c4 e6 3.g3 d5 4.Nf3 Be7 5.Bg2 O-O 6.O-O Na6 7.b3 c5 8.Bb2 b6 9.Nbd2 Bb7
10.Ne5 Rc8 11.e3 Rc7 12.Qe2 Bd6 13.Rfd1 Qe7 14.Nd3 Ne4 15.dxc5 Naxc5 16.Nxc5 bxc5
17.Nxe4 dxe4 18.Qc2 f5 19.Rd2 Rd7 20.Rad1 Rfd8 21.Qc3 Bc7 22.Bf1  1/2-1/2

[Event "Tan Cup"]
[Site "Beijing"]
[Date "1996.??.??"]
[Round "2"]
[White "Atalik, Suat"]
[Black "Liang Jinrong"]
[Result "1/2-1/2"]
[WhiteElo "2525"]
[BlackElo "2425"]

1.d4 Nf6 2.c4 e6 3.Nf3 d5 4.g3 Be7 5.Bg2 O-O 6.O-O dxc4 7.Na3 Bxa3 8.bxa3 Bd7
9.Ne5 Bc6 10.Nxc6 Nxc6 11.Bb2 Nd5 12.Rb1 Qd6 13.e3 Rab8 14.Qc1 b5 15.a4 a6
16.axb5 axb5 17.a4 c3 18.Bxc3 bxa4 19.Ra1 Rb3 20.Bb2 Rfb8 21.Ba3 Ncb4 22.Qc4 Rc3
23.Qe2 Qb6 24.Bxb4 Qxb4 25.Bxd5 exd5 26.Qa2 Rc4 27.Rab1 Qf8 28.Rxb8 Qxb8
29.Rb1 Qe8 30.Qb2 g6 31.Qb8 Kf8 32.Kg2 a3 33.Qb3 Qa4 34.Qb8+ Qe8 35.Qb3 Qa4
36.Qb8+ Kg7 37.Qd8 Qc2 38.Rb8 Qe4+ 39.Kh3 Qf5+ 40.Kg2 Qe4+ 41.Kh3 Qf5+ 42.Kg2 Qe4+  1/2-1/2

[Event "Lee Cup"]
[Site "Beijing"]
[Date "1996.??.??"]
[Round "7"]
[White "Li Zunian"]
[Black "Yu Shaoteng"]
[Result "1/2-1/2"]
[WhiteElo "2400"]
[BlackElo "2385"]

1.d4 Nf6 2.c4 e6 3.g3 d5 4.Bg2 Be7 5.Nf3 O-O 6.O-O dxc4 7.Qc2 a6 8.a4 Bd7
9.Qxc4 Bc6 10.Rd1 a5 11.Nc3 Na6 12.Bg5 Nb4 13.e3 h6 14.Bxf6 Bxf6 15.Rac1 Rc8
16.Ne5 Bxg2 17.Kxg2 c6 18.Ne4 Be7 19.Nc5 Qc7 20.e4 Bd6 21.Ned3 Nxd3 22.Rxd3 Rfd8
23.Rcd1  1/2-1/2

[Event "Bern op"]
[Site "Bern"]
[Date "1996.??.??"]
[Round "4"]
[White "Lagunow, Alexander"]
[Black "Adler, Joel"]
[Result "1-0"]
[WhiteElo "2420"]
[BlackElo "2265"]

1.c4 Nf6 2.g3 e6 3.Bg2 d5 4.d4 Be7 5.Nf3 O-O 6.O-O dxc4 7.Ne5 Nc6 8.Bxc6 bxc6
9.Nxc6 Qe8 10.Nxe7+ Qxe7 11.Qa4 e5 12.dxe5 Qxe5 13.Qxc4 Be6 14.Qd3 Rad8 15.Qe3 Qh5
16.f3 Bh3 17.Re1 Rfe8 18.Qf2 Nd5 19.Bd2 f5 20.Nc3 Nb4 21.Red1 Qf7 22.Qxa7 Ra8
23.Qc5 Nxa2 24.Nd5 f4 25.Nxf4 Be6 26.Nxe6 Qxe6 27.e4 Rab8 28.b4 Kh8 29.Rdb1 Rbd8
30.Qc2 Qb6+ 31.Kg2 Qb5 32.Be1 Rd3 33.Rxa2 Rxf3 34.Qe2 Rd3 35.Rd1 Red8  1-0

[Event "Bern op"]
[Site "Bern"]
[Date "1996.??.??"]
[Round "7"]
[White "Jurek, Josef"]
[Black "Dervishi, Erald"]
[Result "0-1"]
[WhiteElo "2345"]
[BlackElo "2290"]

1.d4 d5 2.c4 e6 3.Nf3 Nf6 4.g3 Be7 5.Bg2 O-O 6.O-O b6 7.cxd5 exd5 8.Nc3 Bb7
9.Bf4 Na6 10.Rc1 Ne4 11.Ne5 c5 12.Nxe4 dxe4 13.dxc5 Nxc5 14.Qc2 Rc8 15.Qb1 g5
16.Rfd1 Qc7 17.Ng6 gxf4 18.Nxf8 Bxf8 19.b4 e3 20.Bd5 exf2+ 21.Kf1 Qd7 22.Bxb7 Qxb7
23.bxc5 Qh1+ 24.Kxf2 Qxh2+ 25.Ke1 Qg1+ 26.Kd2 Rd8+ 27.Kc3 Qxc5+ 28.Kb3 Qb5+  0-1

[Event "Biel Credis"]
[Site "Biel"]
[Date "1996.??.??"]
[Round "11"]
[White "Zueger, Beat"]
[Black "Gerber, Richard"]
[Result "1-0"]
[WhiteElo "2460"]
[BlackElo "2395"]

1.c4 Nf6 2.d4 e6 3.Nf3 d5 4.g3 Be7 5.Bg2 O-O 6.O-O b6 7.Nc3 Bb7 8.cxd5 Nxd5
9.Qc2 Nxc3 10.bxc3 c5 11.Ng5 Bxg5 12.Bxb7 Nd7 13.Bxa8 Bxc1 14.Bc6 Bg5 15.Bxd7 Qxd7
16.dxc5 bxc5 17.Rfd1 Qc6 18.c4 f5 19.Rab1 h5 20.f3 h4 21.Kg2 Be3 22.Qb3 Bd4
23.e3 Be5 24.Qb5 Qc8 25.f4 Bf6 26.Rd6 Be7 27.Rd7 Bf6 28.Rb7 Qd8 29.Qd7 Qa5
30.Qxe6+ Kh8 31.Qxf5 Qxa2+ 32.R1b2 Qxc4 33.Rb8 Kg8 34.Rxf8+ Kxf8 35.Rc2 h3+
36.Kf2 Qa4 37.Qxc5+ Ke8 38.Qc6+  1-0

[Event "SLO-chT"]
[Site "Bled"]
[Date "1996.??.??"]
[Round "5"]
[White "Tratar, Marko"]
[Black "Raspor, Gregor"]
[Result "1-0"]
[WhiteElo "2420"]
[BlackElo "2085"]

1.Nf3 d5 2.d4 e6 3.c4 Nf6 4.g3 Be7 5.Bg2 O-O 6.O-O c6 7.Qc2 b6 8.b3 a5 9.Rd1 Ba6
10.Nbd2 Ra7 11.Bb2 Rc7 12.e4 Bb7 13.Rac1 Na6 14.Ne5 Qa8 15.Qb1 Rd8 16.Nd3 Rcc8
17.h4 c5 18.exd5 exd5 19.dxc5 Nxc5 20.Nxc5 Rxc5 21.Bd4 Rc6 22.Nf1 Re6 23.Bh3 Red6
24.c5 Rc6 25.cxb6 Ne4 26.Rxc6 Bxc6 27.Ne3 Bf6 28.Nf5 Bxd4 29.Rxd4 Qb7 30.Qc1 g6
31.Qxc6  1-0

[Event "Bled op"]
[Site "Bled"]
[Date "1996.??.??"]
[Round "6"]
[White "Rotstein, Arkadij"]
[Black "Vospernik, Zdravko"]
[Result "1-0"]
[WhiteElo "2445"]
[BlackElo "2285"]

1.c4 Nf6 2.Nf3 e6 3.g3 Be7 4.Bg2 d5 5.d4 O-O 6.O-O dxc4 7.Qc2 Qd6 8.Qxc4 Qa6
9.Qc2 Rd8 10.Nc3 Nc6 11.Rd1 Nb4 12.Qb3 Nbd5 13.Nxd5 exd5 14.Bf4 c6 15.Bf1 Qa5
16.Ne5 Qb6 17.Qc2 Be6 18.Bg5 h6 19.Be3 Rac8 20.Rac1 Ne4 21.Nd3 Bf5 22.Qa4 Nd6
23.b3 Nb5 24.Nc5 a5 25.Bd2 Ra8 26.e3 Nd6 27.b4 axb4 28.Qxb4 Qa7 29.a4 b6
30.Nd3 Nc4 31.Qc3 Qxa4 32.Ra1 Ba3 33.Rdb1 b5 34.Bc1 b4 35.Qe1 Rdb8 36.Nc5 Qa7
37.Bd3 Bxd3 38.Nxd3 Qa4 39.Nc5 Qc2 40.Rb3 Rb5 41.Bxa3 bxa3 42.Rc3 Qf5 43.Kg2 h5
44.h4 Rc8 45.Qc1 Rb2 46.Qe1 Rcb8 47.e4 Qg6 48.exd5 cxd5 49.Nd7 Ra8 50.Ne5 Qe6
51.Qc1 Nxe5 52.dxe5 Qxe5 53.Rf3 Qe4 54.Qc7 Qg6 55.Raxa3 Rxa3 56.Rxa3 d4 57.Qd8+ Kh7
58.Qxd4 Qc6+ 59.Kh2 Re2 60.Qf4  1-0

[Event "GER-chT Federal Cup (Women)"]
[Site "Braunfels"]
[Date "1996.??.??"]
[Round "?"]
[White "Meissner, Claudia"]
[Black "Koglin, Anke"]
[Result "1-0"]
[WhiteElo "2105"]
[BlackElo "2210"]

1.d4 d5 2.c4 e6 3.Nf3 Nf6 4.g3 Be7 5.Bg2 O-O 6.O-O dxc4 7.Ne5 Nc6 8.Nxc6 bxc6
9.Bxc6 Rb8 10.Nc3 Nd5 11.Qa4 Rb6 12.Qxc4 Ba6 13.Qa4 Nxc3 14.bxc3 Bxe2 15.Re1 Ra6
16.Qc2 Rxc6 17.Rxe2 Bf6 18.Ba3 Re8 19.Bc5 a5 20.Rb1 Ra6 21.Qa4 Ra8 22.Qc6 h5
23.Rb7 e5 24.d5 e4 25.Rxc7 Be5 26.Rd7 Qg5 27.d6 Bxc3 28.Rxe4 Qf5 29.Rde7 Reb8
30.d7 Bf6 31.Re8+ Kh7 32.Bb6 h4 33.Re1 g6 34.Bc7 Bd4 35.R8e2 Rb1 36.Bf4 Rd8
37.Rxb1 Qxb1+ 38.Bc1 h3 39.Qc7 Rxd7 40.Qf4 Bb2 41.Qh6+  1-0

[Event "Schneider mem op "]
[Site "Budapest"]
[Date "1996.??.??"]
[Round "?"]
[White "Chetverik, Maxim"]
[Black "Dlauchy, Peter"]
[Result "1-0"]
[WhiteElo "2290"]
[BlackElo "2045"]

1.d4 d5 2.c4 e6 3.Nf3 Nf6 4.g3 Be7 5.Bg2 O-O 6.O-O c6 7.Nc3 Nbd7 8.Qb3 dxc4
9.Qxc4 Nb6 10.Qb3 Nbd5 11.Rd1 b6 12.Ne5 Bb7 13.Bg5 Nd7 14.Bf4 Nxf4 15.gxf4 Rc8
16.Rac1 Nf6 17.Qa4 a6 18.e3 Nd5 19.a3 f5 20.Nxd5 cxd5 21.Qd7 Qxd7 22.Nxd7 Rxc1
23.Rxc1 Rc8 24.Rxc8+ Bxc8 25.Nxb6 Bb7 26.Bf1 Kf8 27.b4 Bd6 28.Nd7+ Ke7 29.Nc5 Bxc5
30.dxc5 Kd7 31.Be2 Kc6 32.Kf1 Bc8 33.Ke1 Bb7 34.Kd2 Bc8 35.Kc3 Kb7 36.Kd4 Kc6
37.a4 Kc7 38.b5 axb5 39.axb5 Kd7 40.Bd1 Ke7 41.Ba4 Kd8 42.b6 Ba6 43.Ke5  1-0

[Event "Spring op"]
[Site "Budapest"]
[Date "1996.??.??"]
[Round "5"]
[White "Ivanovic, Miroslav"]
[Black "Sazonov, Yuri"]
[Result "1-0"]
[WhiteElo "2185"]
[BlackElo "2240"]

1.d4 Nf6 2.c4 e6 3.g3 d5 4.Nf3 Be7 5.Bg2 O-O 6.O-O b6 7.Ne5 Bb7 8.Nc3 Qc8
9.cxd5 exd5 10.Bf4 c6 11.e4 Qd8 12.exd5 Nxd5 13.Nxd5 cxd5 14.Qb3 Kh8 15.Rac1 f6
16.Nd3 Na6 17.Rfe1 Qd7 18.h4 Rfe8 19.Kh2 Bf8 20.Bh3 Qf7 21.Qa4 h6 22.Kg2 g5
23.hxg5 hxg5 24.Bd7 Rxe1 25.Rxe1 Qg6 26.Bb5 gxf4 27.Nxf4 Qf5 28.Bxa6 Bxa6
29.Qxa6 Bh6 30.Qb7 Rg8 31.Qxd5 Qxd5+ 32.Nxd5 Rd8 33.Nxf6 Rxd4 34.Re7 Bg7
35.Re8+ Bf8 36.Rxf8+ Kg7 37.Ra8  1-0

[Event "Budapest FS04 IM"]
[Site "Budapest"]
[Date "1996.??.??"]
[Round "8"]
[White "Horvath, Julia"]
[Black "Giretti, Kanev J"]
[Result "1-0"]
[WhiteElo "2305"]
[BlackElo "2220"]

1.d4 d5 2.Nf3 Nf6 3.c4 e6 4.g3 Be7 5.Bg2 O-O 6.O-O Nbd7 7.Nbd2 c5 8.cxd5 exd5
9.b3 b6 10.Bb2 Ba6 11.Re1 Rc8 12.e4 Nxe4 13.Nxe4 dxe4 14.Rxe4 Nf6 15.Re1 c4
16.bxc4 Bxc4 17.Ne5 Bb4 18.Re3 Bd5 19.Bxd5 Qxd5 20.Qb3 Bd2 21.Re2 Ba5 22.Ng4 Qxb3
23.Nxf6+ gxf6 24.axb3 Rfd8 25.b4 Bxb4 26.Rxa7 Re8 27.Rxe8+ Rxe8 28.d5 Kg7
29.Ra4 Re4 30.Bc3 Rc4 31.Rxb4 Rxc3 32.Rxb6 f5 33.Kg2 Rd3 34.Rd6 f6 35.Rd7+ Kg6
36.Kf1 f4 37.Ke2 fxg3 38.hxg3 Ra3 39.Re7 Ra5 40.d6 Rd5 41.d7 h5 42.Ke3 f5
43.Kf4 Kf6 44.Rh7 Kg6 45.Rh8 Rxd7 46.Rg8+ Kh6 47.Rf8 Rd2 48.f3 Kg6 49.Rxf5 Rd4+
50.Ke3 Ra4 51.Rd5 Ra2 52.Re5 Ra3+ 53.Kf4 Ra4+ 54.Re4 Ra6 55.Rb4 Rc6 56.Re4 Ra6
57.Rd4 Rb6 58.Ke5 Rb5+ 59.Rd5 Rb3 60.Rd6+ Kg7 61.Kf4 Rb4+ 62.Kg5 Rb5+ 63.Kh4 Ra5
64.f4 Rb5 65.Re6 Rb3 66.Re5 Kg6 67.Rg5+ Kh6 68.Rxh5+ Kg6 69.Rg5+ Kf6 70.Kg4 Ra3
71.Rh5 Kg6 72.f5+ Kf6 73.Rh6+ Kg7 74.Rb6 Rd3 75.Kf4  1-0

[Event "Budapest FS04 IM"]
[Site "Budapest"]
[Date "1996.??.??"]
[Round "9"]
[White "Volodin, Viktor"]
[Black "Murzin, Lenar"]
[Result "1-0"]
[WhiteElo "2325"]
[BlackElo "2265"]

1.d4 Nf6 2.c4 e6 3.g3 d5 4.Nf3 Be7 5.Bg2 O-O 6.O-O dxc4 7.Qc2 a6 8.a4 Bd7
9.Qxc4 Bc6 10.Bg5 a5 11.Nc3 Na6 12.e3 Ne4 13.Bxe7 Qxe7 14.Qe2 Rfd8 15.Ne5 Nxc3
16.bxc3 Bxg2 17.Kxg2 f6 18.Nd3 e5  1-0

[Event "Cacak"]
[Site "Cacak"]
[Date "1996.??.??"]
[Round "1"]
[White "Paunovic, Dragan"]
[Black "Almasi, Zoltan"]
[Result "0-1"]
[WhiteElo "2495"]
[BlackElo "2655"]

1.Nf3 Nf6 2.c4 e6 3.g3 d5 4.d4 Be7 5.Bg2 O-O 6.O-O Nbd7 7.Nc3 c6 8.Qb3 b6
9.cxd5 cxd5 10.Bf4 a6 11.Ne5 Nxe5 12.Bxe5 Nd7 13.Rac1 Nxe5 14.dxe5 b5 15.Rfd1 Ra7
16.e3 Rc7 17.Ne2 Bd7 18.e4 Rxc1 19.Nxc1 Qb8 20.exd5 Qxe5 21.Nd3 Qd6 22.Nf4 e5
23.Nd3 f5 24.a3 e4 25.Nb4 Kh8 26.f3 exf3 27.Qxf3 f4 28.g4 Bf6 29.Nd3 Bd4+
30.Kh1 Be3 31.h3 Qf6 32.b4 Rc8 33.Rf1 Rf8 34.Nc5 Bc8 35.Qe4 Bxg4 36.Ne6 Re8
37.Re1 Bxe6 38.dxe6 g6 39.Rd1 Rxe6 40.Qa8+ Kg7 41.Qb7+ Re7 42.Qf3 Rc7 43.Qe4 Kh6
44.Bf3 Rc3 45.Qb7 Qh4 46.Bg2 Bf2 47.Qd7 f3  0-1

[Event "Calcutta op"]
[Site "Calcutta"]
[Date "1996.??.??"]
[Round "8"]
[White "Anilkumar, N R."]
[Black "Murugan, Krishnamoorthy"]
[Result "1-0"]
[WhiteElo "2325"]
[BlackElo "2410"]

1.d4 Nf6 2.c4 e6 3.g3 d5 4.Bg2 Be7 5.Nf3 O-O 6.O-O dxc4 7.Ne5 Nc6 8.Nxc6 bxc6
9.Na3 Bxa3 10.bxa3 Nd5 11.Qa4 Nb6 12.Qxc6 Rb8 13.Qc5 Bb7 14.Bxb7 Rxb7 15.Bf4 Qd5
16.Bxc7 Rc8 17.Qxd5 Nxd5 18.Bd6 Nc3 19.Rfe1 Rb2 20.Kf1 f6 21.Bc5 a5 22.Rec1 Ne4
23.Ke1 c3 24.f3 Nxc5 25.Rxc3 Nd3+ 26.Rxd3 Rcc2 27.Re3 Kf7 28.Rd1 Rxa2 29.d5 e5
30.f4 exf4 31.gxf4 Rc8 32.Rd4 Rd8 33.d6 Rd7 34.Rd5 Rb2 35.Red3 a4 36.R3d4 Ra2
37.Rxa4 Ke6 38.Rd3 f5 39.Rad4 h6 40.Kf2 Ra1 41.a4 Ra2 42.h4 g6 43.Re3+ Kf6
44.Re8 Ra3 45.Re3 Ra1 46.Rg3 Ra2 47.Rh3 h5 48.Re3 Kf7 49.Re5 Ra3 50.a5 Kf6
51.Rdd5 Kf7 52.Re3 Ra4 53.Kf3 Ra2 54.Rb3 Ke6 55.Re5+ Kf7 56.Rb6 Ra7 57.Rbb5 Rd7
58.Rbd5 Ra4 59.Rd3 Ra1 60.Rb5 Ke6 61.Rdd5 Ra3+ 62.e3 Ra2 63.Re5+ Kf7 64.Rb6 Ra7
65.Rb8 Rd7 66.Rb6 Ra7 67.Rc6 Rb7 68.Rc7+ Rxc7 69.dxc7 Rc2 70.a6 Rxc7 71.Ra5 Ra7
72.e4 fxe4+ 73.Kxe4 Ke6 74.Kd4 Ra8 75.a7 Kf6 76.Ke4 Re8+  1-0

[Event "Calcutta op"]
[Site "Calcutta"]
[Date "1996.??.??"]
[Round "11"]
[White "Neelakantan, Narayanan"]
[Black "Szekely, Peter"]
[Result "1/2-1/2"]
[WhiteElo "2295"]
[BlackElo "2435"]

1.Nf3 d5 2.c4 e6 3.g3 Nf6 4.Bg2 Be7 5.d4 c5 6.cxd5 exd5 7.O-O Nc6 8.dxc5 Bxc5
9.Qc2 Be7 10.Rd1 O-O 11.Nc3 Bg4 12.Bg5 Be6 13.e4 d4 14.e5 Nd7 15.Bxe7 Qxe7
16.Nxd4 Nxd4 17.Rxd4 Nxe5 18.Re1 Nc6 19.Nd5 Qd8 20.Rdd1 Qa5 21.Qc3 Qxc3 22.Nxc3 Rfd8
23.b3 Rxd1 24.Rxd1 Rd8 25.Rxd8+ Nxd8 26.f4 Bd7 27.Kf2 Bc6 28.Bd5 Bxd5 29.Nxd5 Kf8
30.Ke3 Ke8 31.Kd4 Kd7 32.Ne3 Ne6+ 33.Kc4 f6 34.a4 Kd6 35.b4 g6 36.Ng4 Ke7
37.a5 Nc7 38.Kc5 Na6+ 39.Kc4 Nc7 40.Kc5 Na6+ 41.Kc4 Nc7  1/2-1/2

[Event "Cannes op"]
[Site "Cannes"]
[Date "1996.??.??"]
[Round "1"]
[White "Nikcevic, Nebojsa"]
[Black "Brumen, Dinko"]
[Result "1-0"]
[WhiteElo "2485"]
[BlackElo "2335"]

1.Nf3 d5 2.c4 e6 3.g3 Nf6 4.Bg2 Be7 5.d4 O-O 6.Nc3 dxc4 7.Ne5 c5 8.dxc5 Qc7
9.Nxc4 Bxc5 10.O-O e5 11.Bg5 Be6 12.Bxf6 gxf6 13.Rc1 Nc6 14.Nd5 Bxd5 15.Bxd5 Rad8
16.e4 Qe7 17.a3 Bd4 18.Ne3 Bxe3 19.fxe3 Rd6 20.Rf5 Kh8 21.Qh5 Nd8 22.Rcf1 Rg8
23.Qh4 Rg5 24.R1f2 Kg7 25.Rxf6  1-0

[Event "Cappelle op"]
[Site "Cappelle la Grande "]
[Date "1996.??.??"]
[Round "7"]
[White "Gleizerov, Evgeny"]
[Black "Maric, Alisa"]
[Result "1-0"]
[WhiteElo "2540"]
[BlackElo "2435"]

1.d4 Nf6 2.c4 e6 3.g3 d5 4.Bg2 Be7 5.Nf3 O-O 6.O-O b6 7.Nc3 Bb7 8.cxd5 exd5
9.Qc2 Na6 10.Rd1 Qc8 11.Bf4 Rd8 12.Rac1 h6 13.Be5 Qe6 14.Ne1 Nb4 15.Qb1 Ne8
16.a3 Nc6 17.Nd3 Nxe5 18.Nf4 Qd6 19.dxe5 Qxe5 20.Ncxd5 c5 21.Qf5 Qd6 22.e4 Bxd5
23.e5 Be6 24.exd6 Bxf5 25.dxe7 Rxd1+ 26.Rxd1 Rc8 27.Rd8 Kh7 28.Be4  1-0